| 000 | 00523nam a2200193Ia 4500 | ||
|---|---|---|---|
| 005 | 20250326141500.0 | ||
| 008 | 250326s9999 xx 000 0 und d | ||
| 020 | _a0-7863-0303-4 | ||
| 037 | _aTextbook | ||
| 040 |
_aFMSL _beng _cFMSL |
||
| 041 |
_aeng _2eng |
||
| 084 |
_aX:8 N5 _qFMSL |
||
| 100 |
_aRitvo R A _9744539 |
||
| 245 | 0 |
_aManaging in the age of change _cRitvo R A And Others |
|
| 260 |
_aNew York _bNew York, IRWIN _c1995 |
||
| 300 | _a320p | ||
| 942 |
_cTB _hX:8 N5 |
||
| 999 |
_c1290510 _d1290510 |
||